Library Logo

Pioneer International University Library Catalogue

Microbiology (Record no. 1178)

MARC details
000 -LEADER
fixed length control field 00291nam a22000977a 4500
005 - DATE AND TIME OF LATEST TRANSACTION
control field 20250901165248.0
008 - FIXED-LENGTH DATA ELEMENTS--GENERAL INFORMATION
fixed length control field 210301b ||||| |||| 00| 0 eng d
050 ## - LIBRARY OF CONGRESS CALL NUMBER
Classification number QR41.2 .N47
245 ## - TITLE STATEMENT
Title Microbiology
Remainder of title a human perspective
Statement of responsibility, etc. NESTER, EUGENE W.
942 ## - ADDED ENTRY ELEMENTS (KOHA)
Source of classification or shelving scheme Library of Congress Classification
Classification part QR41.2 .N47 1995
Holdings
Withdrawn status Lost status Source of classification or shelving scheme Damaged status Not for loan Home library Current library Shelving location Date acquired Total checkouts Full call number Barcode Date last seen Price effective from Koha item type
    Library of Congress Classification     Main Library Main Library   03/01/2021   QR41.2 .N47 1995 PIU0000025 03/01/2021 03/01/2021 Books